Online
Catalog

Atlas geográfico / (Record no. 59875)

MARC details
000 -CABECERA
campo de control de longitud fija 01907nam a2200457 i 4500
003 - IDENTIFICADOR DEL NÚMERO DE CONTROL
campo de control DO-SdBNP
005 - FECHA Y HORA DE LA ÚLTIMA TRANSACCIÓN
campo de control 20250915131222.0
007 - CAMPO FIJO DE DESCRIPCIÓN FÍSICA--INFORMACIÓN GENERAL
campo de control de longitud fija ta
008 - DATOS DE LONGITUD FIJA--INFORMACIÓN GENERAL
campo de control de longitud fija 250915e1995 sp abdogre||| 001 0 spa d
020 ## - NÚMERO INTERNACIONAL ESTÁNDAR DEL LIBRO
Número Internacional Estándar del Libro 8434846209
040 ## - FUENTE DE LA CATALOGACIÓN
Centro catalogador/agencia de origen DO-SdBNP
Lengua de catalogación spa
Centro/agencia transcriptor BNPHU
Normas de descripción rda
041 ## - CÓDIGO DE LENGUA
Código de lengua original spa
082 #4 - NÚMERO DE LA CLASIFICACIÓN DECIMAL DEWEY
Número de clasificación 917.293
Número de documento/Ítem Z36a
Número de edición 22
100 1# - ENTRADA PRINCIPAL--NOMBRE DE PERSONA
Nombre de persona Zárate Martín, Antonio
Término indicativo de función/relación autor
Código de función/relación aut.
9 (RLIN) 88626
245 10 - MENCIÓN DE TÍTULO
Título Atlas geográfico /
Mención de responsabilidad, etc. Antonio Zárate Martín, José Sánchez Sánchez ;cartografía, Esther Carrión Fernández
246 1# - FORMA VARIANTE DE TÍTULO
Título propio/Titulo breve Atlas geográfico :
Resto del título el mundo y la República Dominicana /
264 #1 - PRODUCCIÓN, PUBLICACIÓN, DISTRIBUCIÓN, FABRICACIÓN Y COPYRIGHT
Producción, publicación, distribución, fabricación y copyright Madrid, España :
Nombre del de productor, editor, distribuidor, fabricante Ediciones SM,
Fecha de producción, publicación, distribución, fabricación o copyright 1995.
300 ## - DESCRIPCIÓN FÍSICA
Extensión 113 páginas :
Otras características físicas ilustraciones, gráficas, mapas, fotografías ;
Dimensiones 32 cm
336 ## - TIPO DE CONTENIDO
Término de tipo de contenido texto
Código de tipo de contenido txt
Fuente rdacontent
337 ## - TIPO DE MEDIO
Nombre/término del tipo de medio sin mediación
Código del tipo de medio n
Fuente rda media
338 ## - TIPO DE SOPORTE
Nombre/término del tipo de soporte volumen
Código del tipo de soporte nc
Fuente rdacarrier
500 ## - NOTA GENERAL
Nota general Incluye índice alfabético de topónimos.
504 ## - NOTA DE BIBLIOGRAFÍA, ETC.
Nota de bibliografía, etc. Bibliografía p: 116.
590 ## - NOTA LOCAL (RLIN)
Nota local Inventariado 2025/ YL
650 #4 - PUNTO DE ACCESO ADICIONAL DE MATERIA--TÉRMINO DE MATERIA
9 (RLIN) 42828
Término de materia o nombre geográfico como elemento de entrada Gografía
Subdivisión general Atlas
Subdivisión geográfica República Dominicana
651 ## - PUNTO DE ACCESO ADICIONAL DE MATERIA--NOMBRE GEOGRÁFICO
Nombre geográfico República Dominicana
Subdivisión de forma Atlas
Subdivisión general Geografía
9 (RLIN) 86095
700 1# - PUNTO DE ACCESO ADICIONAL--NOMBRE DE PERSONA
Nombre de persona Sánchez Sánchez , José
Término indicativo de función/relación autor
Código de función/relación aut.
9 (RLIN) 29221
700 1# - PUNTO DE ACCESO ADICIONAL--NOMBRE DE PERSONA
Nombre de persona Carrión Fernández, Esther
Término indicativo de función/relación cartografía
Código de función/relación ca.
9 (RLIN) 88628
700 1# - PUNTO DE ACCESO ADICIONAL--NOMBRE DE PERSONA
Nombre de persona Morales Valdez, Marcos.
9 (RLIN) 79244
700 1# - PUNTO DE ACCESO ADICIONAL--NOMBRE DE PERSONA
9 (RLIN) 61881
Nombre de persona Aybar Acosta, Ignacio
700 1# - PUNTO DE ACCESO ADICIONAL--NOMBRE DE PERSONA
Nombre de persona Ramos, Henry,
9 (RLIN) 23169
700 1# - PUNTO DE ACCESO ADICIONAL--NOMBRE DE PERSONA
9 (RLIN) 23169
Nombre de persona Castro Ricart, Eric,
Término indicativo de función/relación cartografía
700 1# - PUNTO DE ACCESO ADICIONAL--NOMBRE DE PERSONA
9 (RLIN) 31261
Nombre de persona Höner, Dieter
-- Ottenwalder, José Alberto
Código de función/relación fotogr.
700 1# - PUNTO DE ACCESO ADICIONAL--NOMBRE DE PERSONA
Nombre de persona Ramírez, Sésar
-- Brianes, Ricardo
Código de función/relación fotogr.
9 (RLIN) 81346
700 1# - PUNTO DE ACCESO ADICIONAL--NOMBRE DE PERSONA
Nombre de persona Cassá, Roberto,
Fechas asociadas al nombre 1948-
Código de función/relación fotogr.
9 (RLIN) 10888
700 1# - PUNTO DE ACCESO ADICIONAL--NOMBRE DE PERSONA
Nombre de persona Abad, José Luis
-- Gávez, Héctor
Código de función/relación fotogr.
9 (RLIN) 81347
700 1# - PUNTO DE ACCESO ADICIONAL--NOMBRE DE PERSONA
9 (RLIN) 29250
Nombre de persona Capellán, Fanny
Código de función/relación fotogr.
710 1# - PUNTO DE ACCESO ADICIONAL--NOMBRE DE ENTIDAD CORPORATIVA
9 (RLIN) 55321
Nombre de entidad corporativa o nombre de jurisdicción como elemento de entrada República Dominicana.
Unidad subordinada Universidad Autónoma de Santo Domingo.
-- Instituto Geográfico Universitario
910 ## - DATOS DE OPCIÓN DEL USUARIO (OCLC)
Datos de opción del usuario YLockward
942 ## - ELEMENTOS DE PUNTO DE ACCESO ADICIONAL (KOHA)
Fuente del sistema de clasificación o colocación Dewey Decimal Classification
Tipo de ítem Koha Libro
Holdings
Estado de retiro Estado de pérdida Fuente del sistema de clasificación o colocación Restricciones de uso No para préstamo Código de colección Localización permanente Ubicación/localización actual Ubicación en estantería Fecha de adquisición Fuente de adquisición Total de préstamos Signatura topográfica completa Código de barras Fecha visto por última vez Precio válido a partir de Tipo de ítem Koha Nota pública
    Dewey Decimal Classification Excluido de préstamo   Patrimonio Dominicano Biblioteca Nacional Pedro Henríquez Ureña Biblioteca Nacional Pedro Henríquez Ureña En catalogación 10.04.2025 Donación   BNPHU PD 917.293 Z36a 2025-10089 15.09.2025 15.09.2025 Libro Perteneció a la biblioteca personal de Federico Henriquez Grateraux

Powered by Koha